Comarques lleidatanes - Mort sobtada - Statistics

General Stats
  • This quiz has been taken 40 times
  • The average score is 6 of 13
Answers on the Grid
Answers color-coded by a green-red scale on the quiz's grid according to % correct below.
Alt Camp
Alt Empordà
Alt Penedès
Alt Urgell
Alta Ribagorça
Anoia
Aran
Bages
Baix Camp
Baix Ebre
Baix Empordà
Baix Llobregat
Baix Penedès
Barcelonès
Berguedà
Cerdanya
Conca de Barberà
Garraf
Garrigues
Garrotxa
Gironès
Lluçanès
Maresme
Moianès
Montsià
Noguera
Osona
Pallars Jussà
Pallars Sobirà
Pla d'Urgell
Pla de l'Estany
Priorat
Ribera d'Ebre
Ripollès
Segarra
Segrià
Selva
Solsonès
Tarragonès
Terra Alta
Urgell
Vallès Occidental
Vallès Oriental
 
Answer Stats
Answer % Correct
Alt Urgell
67%
Alta Ribagorça
50%
Aran
50%
Noguera
50%
Pallars Jussà
50%
Pla d'Urgell
50%
Segrià
50%
Solsonès
50%
Urgell
50%
Cerdanya
33%
Pallars Sobirà
33%
Garrigues
17%
Segarra
17%
No matching quizzes found
Score Distribution
Percent of People with Each Score
Percentile by Number Answered
Your Score History
You have not taken this quiz